Applied statistics and probability for engineers
Αποθηκεύτηκε σε:
| Κύριος συγγραφέας: | |
|---|---|
| Άλλοι συγγραφείς: | |
| Μορφή: | Βιβλίο |
| Γλώσσα: | Greek |
| Δημοσίευση: |
New York :
Wiley,
c2003
|
| Έκδοση: | 3rd ed. |
| Θέματα: | |
| Ετικέτες: |
Προσθήκη ετικέτας
Δεν υπάρχουν, Καταχωρήστε ετικέτα πρώτοι!
|
MARC
| LEADER | 00000nam a2200000 i 4500 | ||
|---|---|---|---|
| 001 | 1/34468 | ||
| 008 | 030313s2003 gre d | ||
| 020 | |a 0471204544 | ||
| 020 | |a 0471274615 | ||
| 035 | |l 10069701 | ||
| 040 | |a GR-MY-UA |b gre |e aacr | ||
| 041 | 0 | |a gre | |
| 082 | 0 | |a 519.5 | |
| 100 | 1 | |a Montgomery, Douglas C. | |
| 245 | 1 | 0 | |a Applied statistics and probability for engineers / |c Douglas C. Montgomery, George C. Runger |
| 250 | |a 3rd ed. | ||
| 260 | |a New York : |b Wiley, |c c2003 | ||
| 300 | |a xiv, 706 p.; |b col. ill.; |c 27 cm.+ |e 1 computer laser optical disk (4 3/4 in.) | ||
| 500 | |a System requirements for accompaying CD-ROM: Macintosh | ||
| 504 | |a Includes bibliographical references and index | ||
| 650 | 0 | 0 | |a Statistics. |
| 650 | 0 | 0 | |a Probabilities. |
| 700 | 1 | |a Runger, George C. | |
| 852 | |a INST |b SAMOS |e 20030313 |h 519.5 MON |p 005300024196 |q 005300024196 |t BK |y 0 | ||
| 852 | |a INST |b SAMOS |e 20030318 |h 519.5 MON |p 005300024197 |q 005300024197 |t BK |y 0 | ||
| 901 | |a BIBL3-2003-1 | ||
| 909 | |a Σ |b 104217 | ||
| 909 | |a Σ |b 104218 | ||
| 922 | |a 3ΕΛΗ |b 200210 |c ΤΣΑΕ |d LEADER | ||
| 950 | |a 184-2002-10-17 | ||
| 970 | |a ΚΟΣΙΕΡΗΣ |b ΧΡΗΣΤΟΣ |z 2003/03/18 | ||